000 05474cam a22019094i 4500
003 PE-LiUPU
005 20250813165421.0
008 150706s2008 sp a rb 000 0 spa d
020 _a9788483224441
035 _a(Sirsi) i9788483224441
040 _aPE-LiUPU
_bspa
_cPE-LiUPU
_erda
049 _aPRUA
082 0 4 _a628.504
_bM27
_221
082 0 4 _a628.504
_bM27 2008
_221
100 1 _aMasters, Gilbert M.,
_eautor.
245 1 0 _aIntroducción a la ingeniería medioambiental /
_cGilbert M. Masters, Wendell P. Ela.
250 _aTercera edición.
264 1 _aMadrid :
_bPearson Educación Hall,
_c2008.
300 _a737 páginas :
_bilustraciones, tablas ;
_c25 centímetros.
336 _atext
_2rdacontent
337 _aunmediated
_2rdamedia
338 _avolume
_2rdacarrier
504 _aIncluye referencias bibliográficas.
505 0 _aTransferencia de masa y energía -- Química medioambiental -- Las matemáticas del crecimiento -- Evaluación del riesgo -- Contaminación del agua -- Control de calidad de las aguas -- Contaminación atmosférica -- Cambio climático -- Tratamiento de residuos sólidos y recuperación de recursos.
526 _aP203
526 _aP200
526 _aSEG65
526 _aSEG64
526 _aSEG63
526 _aSEG62
526 _aSEG61
526 _aSEG60
526 _aSEG59
526 _aSEG58
526 _aSEG57
526 _aSEG56
526 _aSEG55
526 _aSEG54
526 _aSEG53
526 _aSEG52
526 _aSEG51
526 _aSEG50
526 _aSEG49
526 _aSEG48
526 _aSEG47
526 _aSEG46
526 _aSEG24
526 _aSEG23
526 _aSEG22
526 _aSEG21
526 _aSEG20
526 _aSEG19
526 _aSEG18
526 _aSEG17
526 _aSEG16
526 _aSEG14
526 _aSEG13
526 _aSEG12
526 _aSEG11
526 _aSEG10
526 _aSEG09
526 _aSEG06
526 _aSEG05
526 _aSEG04
526 _aSEG03
526 _aSEG02
526 _aSEG68
526 _aSEG66
526 _aSEG45
526 _aSEG25
526 _aSEG01
526 _aP163
526 _aP162
526 _aP161
526 _aP160
526 _aP159
526 _aP158
526 _aP157
526 _aP156
526 _aP155
526 _aP154
526 _aP153
526 _aP152
526 _aP151
526 _aP150
526 _aP149
526 _aP142
526 _aP141
526 _aP140
526 _aP139
526 _aP138
526 _aP137
526 _aP132
526 _aP131
526 _aP130
526 _aP126
526 _aP125
526 _aP124
526 _aP123
526 _aP115
526 _aP122
526 _aP121
526 _aP116
526 _a P114
526 _aP112
526 _aP111
526 _aP104
526 _aP103
526 _aP102
526 _aP101
526 _aP100
526 _aP96
526 _aP95
526 _aP93
526 _aP92
526 _aP91
526 _aP88
526 _aP83
526 _aP82
526 _aP79
526 _aP78
526 _aP75
526 _aP74
526 _aP71
526 _aP69
526 _a P51
526 _aP49
526 _aP48
526 _aP47
526 _aP33
526 _aP31
526 _a P30
526 _aP29
526 _aP27
526 _aP26
526 _aP25
526 _aP24
526 _a P22
526 _aP10
526 _aP09
526 _a P08
526 _aP06
526 _aP05
526 _aP04
526 _aP01
541 _g003-001075;
541 _g0001-0042330;
650 0 4 _aIngeniería ambiental.
910 _agl
_bjv
_cng
_d20091014
910 _adbm
_bmarg
_cmarg
_d20180110
942 _2ddc
_cBOOK
949 _a628.504 M27 2008
_wDEWEY
_c1
_iFJ01550
_lCCODEBUJ1
_mBUJ
_p50.59
_r0
_sY
_tBOOK
_u2016-8-25
_xINGENIERIA
_PP24
_0COMPRA
_o.STAFF. Colección General Juliaca
949 _a628.504 M27
_wDEWEY
_c1
_i60582
_d2016-5-3
_e2016-4-27
_lCCODEBUL1
_mBUL
_n2
_p47.00
_r0
_sY
_tBOOK
_u2015-7-6
_xINGENIERIA
_PP24
_0COMPRA
_o.STAFF. Colección General
949 _a628.504 M27
_wDEWEY
_c2
_i71297
_d2016-9-4
_e2016-8-31
_lCCODEBUL1
_mBUL
_n10
_p71.68
_r0
_sY
_tBOOK
_u2015-5-26
_xINGENIERIA
_PP24
_0COMPRA
_o.STAFF. Colección General
994 _aC0
_bPEPRU
596 _a1 3
999 _a628.504 M27
_wDEWEY
_c18086
_i60582
_d18086
_e2018-11-19
_f2019-12-11
_g6
_lCCODEBUL1
_mBUL
_n4
_p47.00
_q2
_r0
_sY
_tBOOK
_u2015-7-6
_xINGENIERIA
_PP24
_0COMPRA
_o.STAFF. Colección General
999 _a628.504 M27
_wDEWEY
_c2
_i71297
_d2019-7-21
_e2019-7-17
_f2021-11-9
_g7
_lCCODEBUL1
_mBUL
_n13
_p71.68
_r0
_sY
_tBOOK
_u2015-5-26
_xINGENIERIA
_PP24
_0COMPRA
_o.STAFF. Colección General
999 _a628.504 M27
_wDEWEY
_c3
_i78042
_d2018-5-27
_e2018-5-22
_f2021-11-9
_g4
_lCCODEBUL1
_mBUL
_n2
_p53.08
_q2
_r0
_sY
_tBOOK
_u2018-1-10
_xINGENIERIA
_PP24
_0COMPRA
_o.STAFF. Colección Ingeniería y Arquitectura
999 _a628.504 M27 2008
_wDEWEY
_c1
_iFJ01550
_d2019-4-16
_e2019-3-18
_f2022-1-26
_g4
_lCCODEBUJ1
_mBUJ
_n7
_p50.59
_q12
_r0
_sY
_tBOOK
_u2016-8-25
_xINGENIERIA
_PP24
_0COMPRA
_o.STAFF. Colección General Juliaca
980 _81
_gALBERTO SANCHEZ Responsable de Automatización